000 00654nam a2200193 i 4500
001 58063
003 ES-MaACL
005 20250618143725.0
007 t|
008 031020s1945 sp f |||| |bspa d
100 1 _aDupont, Marcel.
_946108
245 1 0 _aCarolina Bonaparte
_b: (la hermana preferida de Napoleón) /
_cMarcel Dupont ; traducido del francés por Gregorio G. Puigdeval.
260 _aMadrid :
_b[s.n.,
_c1945] (
_fArtes Gráficas Sol)
300 _a169 p., 5 lám. ;
_c22 cm.
600 1 7 _aBonaparte, Caroline,
_d1782-1839
_2
_9169407
700 1 _aPuigdeval, Gregorio G.
_994294
852 _aES-MaACL
_jB-10417
999 _c58063
_d58063